00558 2200217 4500001002100000005001700021008004100038020002200079035002400101082001100125090002300136100001200159245004400171250001000215260003400225300002400259650000900283850001200292990001700304990001900321YOGYA-0611000000086820110620142534.0 ind  a978-979-002-462-5 0010-061100000000868 a639.31 a639.31bHer PlSEL aHERNOWO aPembenihan dan pembesaran lelecHernowo aCet.1 aJakartabPeneba Swadayac2010 a92 hlmbilusc23 cm aLele aYOPDYOG a901-Sel/B.11 a902- Sel/ B.11